00424 a2200157 4500003000500000005001700005040000900022082001200031100002800043245007600071260003700147300001300184538002900197650002800226651001200254Nust20170207165240.0 cNust a005.133 aNaveed, Sidra (MSCS-18) aMulti robot user interface design based on hci principlescSidra Naveed aRawalpindibMCS,NUSTcApril-2014 aviii,77p aAlmirah No,71 Shelf No,5 abased on hci principles aMSCS-18